000 01976nam a2200397 c 4500
003 BLK
005 20180422095725.0
008 180413b bul|||||r ||||||| ||bul||
010 _aKNG00030156000
020 _a954-07-1350-1
_bиздат.: Унив. изд. Св. Климент Охридски
040 _aBLK
041 _aBUL
_cBUL
080 _aЗвезди и звездни системи. Вселена - Космически лъчи, междузвездно пространство, Галактика, Млечен път, космология, извънгалактически системи
_b524
_x
_z524
100 1 _aХокинг, Стивън Уилям
_eпърви автор
_9364189
700 1 _aБикс, Румяна
_eпрев. от англ.
_9250303
700 1 _aСейгън, Карл
_eвъвед.
_9119422
139 _aХокинг, Стивън
_bХ 59
245 1 0 _aКратка история на времето
_bОт големия взрив до черните дупки
_cСтивън Уилям Хокинг; прев. от англ. Румяна Бикс; въвед. Карл Сейгън.
250 _a2. изд.
257 _aGBR
260 София
_bУнив. изд. Св. Климент Охридски
_c1999
300 _a167 с.
_bс ил.
_c20 см
380 _a5
500 _aОриг. загл. A Brief History of Time / Stephen W. Hawking. - 1. изд. 1993 на изд. Наука и изкуство. - Офс. изд. - 1 065 тир. - Терминол. речник ; Азб. показалец.
650 4 _aВселена
_9151275
650 4 _aКосмология
_9159537
650 4 _aЖивот - произход и еволюция
_9255182
653 _aВселена
653 _aкосмология
653 _aпроизход на живота
852 _aЦб 202871
856 4 _qpdf
_u
856 4 _qpdf
_u
942 _cKNG
_n0
944 _aCR
_c18.02.2003
_kЛюдмила_Стоянова
944 _aED
_c04.10.2004
_k
999 _c27573
_d27573